| 000 | 00447nam a22001817a 4500 | ||
|---|---|---|---|
| 003 | MPLRDC | ||
| 005 | 20220104123814.0 | ||
| 008 | 210129b ||||| |||| 00| 0 eng d | ||
| 082 | _a427.3 CPL c.2 | ||
| 100 | _a蔡佩伦编著 | ||
| 245 |
_a素食 _c |
||
| 250 | _a四版 | ||
| 260 |
_a _b福利文化事业有限公司 _c1988 |
||
| 300 | _b平 | ||
| 490 | _a新素食料理 | ||
| 650 | _a蔬菜烹调法--素食 | ||
| 942 |
_cBK _o427.3 CPL c.2 |
||
| 999 |
_c14330 _d14320 |
||